Widok standardowy
Widok MARC
Pozycja Corporate Name
Liczba rekordów, w których użyto hasła: 1
001 - Numer kontrolny
- control field: 39745
003 - Identyfikator numeru kontrolnego
- control field: NUKAT
005 - Data i czas ostatniej modyfikacji
- control field: 20260409114423.0
008 - Dane kontrolne kodowane (40 znaków)
- fixed length control field: 100910n||aaznnbabn |a ana |c
010 ## - Numer kontrolny Biblioteki Kongresu
- numer kontrolny LC: sx2007096810
040 ## - Instytucja sporządzająca rekord
- inst. przygot. dane do rek. khw: POZN U/EM
- język haseł przedmiotowych/tezaurus: kaba
- inst. wprow. rek. khw: POZN U/EM
110 1# - Hasło - nazwa ciała zbiorowego
- nazwa ciała zbior. lub geogr. na pocz.: Polska.
- nazwa jednostki podrzędnej: Wojsko Polskie (1944- ).
- nazwa jednostki podrzędnej: Wojskowa Służba Wewnętrzna
- określnik formy: źródła.